| Tag |
First Indicator |
Second Indicator |
Subfields |
| LEADER |
00000cas a2200000 4500 |
| 001 |
in00000039331 |
| 005 |
20151007081644.0 |
| 008 |
800425d18751990kyumr p 0uuua1eng d |
| 035 |
|
|
|a (OCoLC)06244587
|
| 035 |
|
|
|9 AAF6719AM
|
| 040 |
|
|
|a TXA
|c TXA
|d UtOrBLW
|
| 049 |
|
|
|a TXAE
|
| 090 |
|
|
|a SF325
|b .T48
|
| 245 |
0 |
0 |
|a Thoroughbred record.
|
| 247 |
0 |
0 |
|a Kentucky livestock record
|f 1875-85
|
| 247 |
0 |
0 |
|a Live stock record
|f 1886-95
|
| 264 |
|
1 |
|a Lexington, Ky. :
|b Record Publishing Co.
|
| 300 |
|
|
|a 224 volumes :
|b illustrations ;
|c 28 cm.
|
| 310 |
|
|
|a Monthly
|
| 336 |
|
|
|a text
|b txt
|2 rdacontent
|
| 337 |
|
|
|a unmediated
|b n
|2 rdamedia
|
| 338 |
|
|
|a volume
|b nc
|2 rdacarrier
|
| 362 |
0 |
|
|a Vol. 1 (Feb. 5, 1875)-v. 224, no. 5 (May 1990).
|
| 580 |
|
|
|a Feb. issue for each year is Thoroghbred record. Statistical review covering the racing year (SF325.T48 Suppl.)
|
| 650 |
|
0 |
|a Horse racing
|z United States.
|
| 650 |
|
0 |
|a Horses
|x Breeding
|z United States.
|
| 770 |
1 |
|
|a Thoroughbred record.
|t Statistical review covering the racing year
|
| 780 |
0 |
5 |
|t Racing calendar
|g July 1963
|
| 999 |
|
|
|a MARS
|
| 999 |
f |
f |
|s a27caf70-b58b-39f2-9545-a2c85be0c357
|i 22ccf211-36f6-3578-b721-aced090dbd79
|t 0
|
| 952 |
f |
f |
|a Texas A&M University
|b Rellis Campus
|c Joint Library Facility
|d Remote Storage
|e SF325 .T48
|h Library of Congress classification
|i unmediated -- volume
|k v.204;no.14-18
|l 1976:Oct.
|m A14851236316
|p ric
|s JLF
|t 0
|
| 952 |
f |
f |
|a Texas A&M University
|b Rellis Campus
|c Joint Library Facility
|d Remote Storage
|e SF325 .T48
|h Library of Congress classification
|i unmediated -- volume
|k v.198
|l 1973:July-Aug. 18
|m A14851236035
|p ric
|s JLF
|t 0
|
| 952 |
f |
f |
|a Texas A&M University
|b Rellis Campus
|c Joint Library Facility
|d Remote Storage
|e SF325 .T48
|h Library of Congress classification
|i unmediated -- volume
|k v.218
|l 1984:May
|m A14851244823
|p ric
|s JLF
|t 0
|
| 952 |
f |
f |
|a Texas A&M University
|b Rellis Campus
|c Joint Library Facility
|d Remote Storage
|e SF325 .T48
|h Library of Congress classification
|i unmediated -- volume
|k v.197
|l 1973:Apr.-May 19
|m A14851236027
|p ric
|s JLF
|t 0
|
| 952 |
f |
f |
|a Texas A&M University
|b Rellis Campus
|c Joint Library Facility
|d Remote Storage
|e SF325 .T48
|h Library of Congress classification
|i unmediated -- volume
|k v.213
|l 1981:June
|m A14851236670
|p ric
|s JLF
|t 0
|
| 952 |
f |
f |
|a Texas A&M University
|b Rellis Campus
|c Joint Library Facility
|d Remote Storage
|e SF325 .T48
|h Library of Congress classification
|i unmediated -- volume
|k v.196
|l 1972:July-Aug.
|m A14851235995
|p ric
|s JLF
|t 0
|
| 952 |
f |
f |
|a Texas A&M University
|b Rellis Campus
|c Joint Library Facility
|d Remote Storage
|e SF325 .T48
|h Library of Congress classification
|i unmediated -- volume
|k v.211:no.6-9
|l 1980:Feb.
|m A14851236506
|p ric
|s JLF
|t 0
|
| 952 |
f |
f |
|a Texas A&M University
|b Rellis Campus
|c Joint Library Facility
|d Remote Storage
|e SF325 .T48
|h Library of Congress classification
|i unmediated -- volume
|k v.218
|l 1984:June
|m A14851244831
|p ric
|s JLF
|t 0
|
| 952 |
f |
f |
|a Texas A&M University
|b Rellis Campus
|c Joint Library Facility
|d Remote Storage
|e SF325 .T48
|h Library of Congress classification
|i unmediated -- volume
|k v.203:no.14-17
|l 1976:Apr.
|m A14851236241
|p ric
|s JLF
|t 0
|
| 952 |
f |
f |
|a Texas A&M University
|b Rellis Campus
|c Joint Library Facility
|d Remote Storage
|e SF325 .T48
|h Library of Congress classification
|i unmediated -- volume
|k v.188
|l 1968:July-Sept.
|m A14851226788
|p ric
|s JLF
|t 0
|
| 952 |
f |
f |
|a Texas A&M University
|b Rellis Campus
|c Joint Library Facility
|d Remote Storage
|e SF325 .T48
|h Library of Congress classification
|i unmediated -- volume
|k v.221:no.9-10
|l 1987
|m A14811351055
|p ric
|s JLF
|t 0
|
| 952 |
f |
f |
|a Texas A&M University
|b Rellis Campus
|c Joint Library Facility
|d Remote Storage
|e SF325 .T48
|h Library of Congress classification
|i unmediated -- volume
|k v.215
|l 1982:Jan.
|m A14851236753
|p ric
|s JLF
|t 0
|
| 952 |
f |
f |
|a Texas A&M University
|b Rellis Campus
|c Joint Library Facility
|d Remote Storage
|e SF325 .T48
|h Library of Congress classification
|i unmediated -- volume
|k v.199
|l 1974:May 18-June
|m A14851236084
|p ric
|s JLF
|t 0
|
| 952 |
f |
f |
|a Texas A&M University
|b Rellis Campus
|c Joint Library Facility
|d Remote Storage
|e SF325 .T48
|h Library of Congress classification
|i unmediated -- volume
|k v.158
|l 1953:July-Dec.
|m A14851226408
|p ric
|s JLF
|t 0
|
| 952 |
f |
f |
|a Texas A&M University
|b Rellis Campus
|c Joint Library Facility
|d Remote Storage
|e SF325 .T48
|h Library of Congress classification
|i unmediated -- volume
|k v.215
|l 1982:Mar.
|m A14851236779
|p ric
|s JLF
|t 0
|
| 952 |
f |
f |
|a Texas A&M University
|b Rellis Campus
|c Joint Library Facility
|d Remote Storage
|e SF325 .T48
|h Library of Congress classification
|i unmediated -- volume
|k v.219:no.27-30
|l 1985
|m A14851244989
|p ric
|s JLF
|t 0
|
| 952 |
f |
f |
|a Texas A&M University
|b Rellis Campus
|c Joint Library Facility
|d Remote Storage
|e SF325 .T48
|h Library of Congress classification
|i unmediated -- volume
|k v.201
|l 1975:Mar.-Apr.
|m A14851236142
|p ric
|s JLF
|t 0
|
| 952 |
f |
f |
|a Texas A&M University
|b Rellis Campus
|c Joint Library Facility
|d Remote Storage
|e SF325 .T48
|h Library of Congress classification
|i unmediated -- volume
|k v.213:no.18-21
|l 1981:May
|m A14851236654
|p ric
|s JLF
|t 0
|
| 952 |
f |
f |
|a Texas A&M University
|b Rellis Campus
|c Joint Library Facility
|d Remote Storage
|e SF325 .T48
|h Library of Congress classification
|i unmediated -- volume
|k v.220:no.14-17
|l 1986
|m A14851245093
|p ric
|s JLF
|t 0
|
| 952 |
f |
f |
|a Texas A&M University
|b Rellis Campus
|c Joint Library Facility
|d Remote Storage
|e SF325 .T48
|h Library of Congress classification
|i unmediated -- volume
|k v.217
|l 1983:July
|m A14851236928
|p ric
|s JLF
|t 0
|
| 952 |
f |
f |
|a Texas A&M University
|b Rellis Campus
|c Joint Library Facility
|d Remote Storage
|e SF325 .T48
|h Library of Congress classification
|i unmediated -- volume
|k v.214
|l 1981:Nov.
|m A14851236720
|p ric
|s JLF
|t 0
|
| 952 |
f |
f |
|a Texas A&M University
|b Rellis Campus
|c Joint Library Facility
|d Remote Storage
|e SF325 .T48
|h Library of Congress classification
|i unmediated -- volume
|k v.223:no.9-10
|l 1989
|m A14812109451
|p ric
|s JLF
|t 0
|
| 952 |
f |
f |
|a Texas A&M University
|b Rellis Campus
|c Joint Library Facility
|d Remote Storage
|e SF325 .T48
|h Library of Congress classification
|i unmediated -- volume
|k v.192
|l 1970:Nov.14-Dec.
|m A14851235888
|p ric
|s JLF
|t 0
|
| 952 |
f |
f |
|a Texas A&M University
|b Rellis Campus
|c Joint Library Facility
|d Remote Storage
|e SF325 .T48
|h Library of Congress classification
|i unmediated -- volume
|k v.211:no.14-18
|l 1980:Apr.
|m A14851236662
|p ric
|s JLF
|t 0
|
| 952 |
f |
f |
|a Texas A&M University
|b Rellis Campus
|c Joint Library Facility
|d Remote Storage
|e SF325 .T48
|h Library of Congress classification
|i unmediated -- volume
|k v.152
|l 1950:July-Dec.
|m A14851226358
|p ric
|s JLF
|t 0
|
| 952 |
f |
f |
|a Texas A&M University
|b Rellis Campus
|c Joint Library Facility
|d Remote Storage
|e SF325 .T48
|h Library of Congress classification
|i unmediated -- volume
|k v.223:no.3-4
|l 1989
|m A14811938679
|p ric
|s JLF
|t 0
|
| 952 |
f |
f |
|a Texas A&M University
|b Rellis Campus
|c Joint Library Facility
|d Remote Storage
|e SF325 .T48
|h Library of Congress classification
|i unmediated -- volume
|k v.211:no.10-13
|l 1980:Mar.
|m A14851236514
|p ric
|s JLF
|t 0
|
| 952 |
f |
f |
|a Texas A&M University
|b Rellis Campus
|c Joint Library Facility
|d Remote Storage
|e SF325 .T48
|h Library of Congress classification
|i unmediated -- volume
|k v.212:no.6-9
|l 1980:Aug.
|m A14851236563
|p ric
|s JLF
|t 0
|
| 952 |
f |
f |
|a Texas A&M University
|b Rellis Campus
|c Joint Library Facility
|d Remote Storage
|e SF325 .T48
|h Library of Congress classification
|i unmediated -- volume
|k v.195
|l 1972:Apr.-June
|m A14851235953
|p ric
|s JLF
|t 0
|
| 952 |
f |
f |
|a Texas A&M University
|b Rellis Campus
|c Joint Library Facility
|d Remote Storage
|e SF325 .T48
|h Library of Congress classification
|i unmediated -- volume
|k v.217
|l 1983:Apr.
|m A14851236902
|p ric
|s JLF
|t 0
|
| 952 |
f |
f |
|a Texas A&M University
|b Rellis Campus
|c Joint Library Facility
|d Remote Storage
|e SF325 .T48
|h Library of Congress classification
|i unmediated -- volume
|k v.217
|l 1983:Sept.
|m A14851236944
|p ric
|s JLF
|t 0
|
| 952 |
f |
f |
|a Texas A&M University
|b Rellis Campus
|c Joint Library Facility
|d Remote Storage
|e SF325 .T48
|h Library of Congress classification
|i unmediated -- volume
|k v.153
|l 1951:Jan.-June
|m A14851226366
|p ric
|s JLF
|t 0
|
| 952 |
f |
f |
|a Texas A&M University
|b Rellis Campus
|c Joint Library Facility
|d Remote Storage
|e SF325 .T48
|h Library of Congress classification
|i unmediated -- volume
|k v.204;no.19-22
|l 1976:Nov.
|m A14851236324
|p ric
|s JLF
|t 0
|
| 952 |
f |
f |
|a Texas A&M University
|b Rellis Campus
|c Joint Library Facility
|d Remote Storage
|e SF325 .T48
|h Library of Congress classification
|i unmediated -- volume
|k v.218
|l 1984:July
|m A14851244849
|p ric
|s JLF
|t 0
|
| 952 |
f |
f |
|a Texas A&M University
|b Rellis Campus
|c Joint Library Facility
|d Remote Storage
|e SF325 .T48
|h Library of Congress classification
|i unmediated -- volume
|k v.197
|l 1973:Jan.-Feb. 3
|m A14851236019
|p ric
|s JLF
|t 0
|
| 952 |
f |
f |
|a Texas A&M University
|b Rellis Campus
|c Joint Library Facility
|d Remote Storage
|e SF325 .T48
|h Library of Congress classification
|i unmediated -- volume
|k v.213:no.13-17
|l 1981:Apr.
|m A14851236647
|p ric
|s JLF
|t 0
|
| 952 |
f |
f |
|a Texas A&M University
|b Rellis Campus
|c Joint Library Facility
|d Remote Storage
|e SF325 .T48
|h Library of Congress classification
|i unmediated -- volume
|k v.149
|l 1949:Jan.-June
|m A14851226317
|p ric
|s JLF
|t 0
|
| 952 |
f |
f |
|a Texas A&M University
|b Rellis Campus
|c Joint Library Facility
|d Remote Storage
|e SF325 .T48
|h Library of Congress classification
|i unmediated -- volume
|k v.163
|l 1956:Jan.-June
|m A14851226457
|p ric
|s JLF
|t 0
|
| 952 |
f |
f |
|a Texas A&M University
|b Rellis Campus
|c Joint Library Facility
|d Remote Storage
|e SF325 .T48
|h Library of Congress classification
|i unmediated -- volume
|k v.211:no.19-22
|l 1980:May
|m A14851236555
|p ric
|s JLF
|t 0
|
| 952 |
f |
f |
|a Texas A&M University
|b Rellis Campus
|c Joint Library Facility
|d Remote Storage
|e SF325 .T48
|h Library of Congress classification
|i unmediated -- volume
|k v.205:no.1-8
|l v.1977:Jan.-Feb.
|m A14851236340
|p ric
|s JLF
|t 0
|
| 952 |
f |
f |
|a Texas A&M University
|b Rellis Campus
|c Joint Library Facility
|d Remote Storage
|e SF325 .T48
|h Library of Congress classification
|i unmediated -- volume
|k v.218
|l 1984:Sept.
|m A14851244864
|p ric
|s JLF
|t 0
|
| 952 |
f |
f |
|a Texas A&M University
|b Rellis Campus
|c Joint Library Facility
|d Remote Storage
|e SF325 .T48
|h Library of Congress classification
|i unmediated -- volume
|k v.183
|l 1966:Apr.-June
|m A14851226689
|p ric
|s JLF
|t 0
|
| 952 |
f |
f |
|a Texas A&M University
|b Rellis Campus
|c Joint Library Facility
|d Remote Storage
|e SF325 .T48
|h Library of Congress classification
|i unmediated -- volume
|k v.221:no.7-8
|l 1987
|m A14809067797
|p ric
|s JLF
|t 0
|
| 952 |
f |
f |
|a Texas A&M University
|b Rellis Campus
|c Joint Library Facility
|d Remote Storage
|e SF325 .T48
|h Library of Congress classification
|i unmediated -- volume
|k v.221:no.1-2
|l 1987
|m A14811414691
|p ric
|s JLF
|t 0
|
| 952 |
f |
f |
|a Texas A&M University
|b Rellis Campus
|c Joint Library Facility
|d Remote Storage
|e SF325 .T48
|h Library of Congress classification
|i unmediated -- volume
|k v.195:no.6, 9-12
|l 1972:Feb. 5, Feb.26-Mar.18
|m A14834667019
|p ric
|s JLF
|t 0
|
| 952 |
f |
f |
|a Texas A&M University
|b Rellis Campus
|c Joint Library Facility
|d Remote Storage
|e SF325 .T48
|h Library of Congress classification
|i unmediated -- volume
|k v.218:Suppl.
|l 1984
|m A14851244906
|p ric
|s JLF
|t 0
|
| 952 |
f |
f |
|a Texas A&M University
|b Rellis Campus
|c Joint Library Facility
|d Remote Storage
|e SF325 .T48
|h Library of Congress classification
|i unmediated -- volume
|k v.216
|l 1982:July
|m A14851236811
|p ric
|s JLF
|t 0
|
| 952 |
f |
f |
|a Texas A&M University
|b Rellis Campus
|c Joint Library Facility
|d Remote Storage
|e SF325 .T48
|h Library of Congress classification
|i unmediated -- volume
|k v.219:no.36-39
|l 1985
|m A14851245002
|p ric
|s JLF
|t 0
|
| 952 |
f |
f |
|a Texas A&M University
|b Rellis Campus
|c Joint Library Facility
|d Remote Storage
|e SF325 .T48
|h Library of Congress classification
|i unmediated -- volume
|k v.150
|l 1949:July-Dec.
|m A14851226325
|p ric
|s JLF
|t 0
|
| 952 |
f |
f |
|a Texas A&M University
|b Rellis Campus
|c Joint Library Facility
|d Remote Storage
|e SF325 .T48
|h Library of Congress classification
|i unmediated -- volume
|k v.217
|l 1983:Aug.
|m A14851236936
|p ric
|s JLF
|t 0
|
| 952 |
f |
f |
|a Texas A&M University
|b Rellis Campus
|c Joint Library Facility
|d Remote Storage
|e SF325 .T48
|h Library of Congress classification
|i unmediated -- volume
|k v.156
|l 1952:July-Dec.
|m A14851226382
|p ric
|s JLF
|t 0
|
| 952 |
f |
f |
|a Texas A&M University
|b Rellis Campus
|c Joint Library Facility
|d Remote Storage
|e SF325 .T48
|h Library of Congress classification
|i unmediated -- volume
|k v.151
|l 1950:Jan.-Mar.
|m A14851226333
|p ric
|s JLF
|t 0
|
| 952 |
f |
f |
|a Texas A&M University
|b Rellis Campus
|c Joint Library Facility
|d Remote Storage
|e SF325 .T48
|h Library of Congress classification
|i unmediated -- volume
|k v.219:no.49-52
|l 1985
|m A14851245044
|p ric
|s JLF
|t 0
|
| 952 |
f |
f |
|a Texas A&M University
|b Rellis Campus
|c Joint Library Facility
|d Remote Storage
|e SF325 .T48
|h Library of Congress classification
|i unmediated -- volume
|k v.219:no.4-5
|l 1985
|m A14851244930
|p ric
|s JLF
|t 0
|
| 952 |
f |
f |
|a Texas A&M University
|b Rellis Campus
|c Joint Library Facility
|d Remote Storage
|e SF325 .T48
|h Library of Congress classification
|i unmediated -- volume
|k v.219:no.1-3
|l 1985
|m A14851244922
|p ric
|s JLF
|t 0
|
| 952 |
f |
f |
|a Texas A&M University
|b Rellis Campus
|c Joint Library Facility
|d Remote Storage
|e SF325 .T48
|h Library of Congress classification
|i unmediated -- volume
|k v.209:no.21-24
|l 1979:June
|m A14851236423
|p ric
|s JLF
|t 0
|
| 952 |
f |
f |
|a Texas A&M University
|b Rellis Campus
|c Joint Library Facility
|d Remote Storage
|e SF325 .T48
|h Library of Congress classification
|i unmediated -- volume
|k 1981:Suppl.
|l 1981
|m A14851236746
|p ric
|s JLF
|t 0
|
| 952 |
f |
f |
|a Texas A&M University
|b Rellis Campus
|c Joint Library Facility
|d Remote Storage
|e SF325 .T48
|h Library of Congress classification
|i unmediated -- volume
|k v.203:Stat. Rev.
|l 1976:Feb.14
|m A14851236290
|p ric
|s JLF
|t 0
|
| 952 |
f |
f |
|a Texas A&M University
|b Rellis Campus
|c Joint Library Facility
|d Remote Storage
|e SF325 .T48
|h Library of Congress classification
|i unmediated -- volume
|k v.167
|l 1958:Jan.-June
|m A14851226499
|p ric
|s JLF
|t 0
|
| 952 |
f |
f |
|a Texas A&M University
|b Rellis Campus
|c Joint Library Facility
|d Remote Storage
|e SF325 .T48
|h Library of Congress classification
|i unmediated -- volume
|k v.212:no.1-5
|l 1980:July
|m A14851236548
|p ric
|s JLF
|t 0
|
| 952 |
f |
f |
|a Texas A&M University
|b Rellis Campus
|c Joint Library Facility
|d Remote Storage
|e SF325 .T48
|h Library of Congress classification
|i unmediated -- volume
|k v.209:Sire Book
|l 1979:Feb.14
|m A14851236407
|p ric
|s JLF
|t 0
|
| 952 |
f |
f |
|a Texas A&M University
|b Rellis Campus
|c Joint Library Facility
|d Remote Storage
|e SF325 .T48
|h Library of Congress classification
|i unmediated -- volume
|k v.200
|l 1974:July-Aug. 10
|m A14851236092
|p ric
|s JLF
|t 0
|
| 952 |
f |
f |
|a Texas A&M University
|b Rellis Campus
|c Joint Library Facility
|d Remote Storage
|e SF325 .T48
|h Library of Congress classification
|i unmediated -- volume
|k v.219:no.18-22
|l 1985
|m A14851244963
|p ric
|s JLF
|t 0
|
| 952 |
f |
f |
|a Texas A&M University
|b Rellis Campus
|c Joint Library Facility
|d Remote Storage
|e SF325 .T48
|h Library of Congress classification
|i unmediated -- volume
|k v.210:no.1-4
|l 1979:July
|m A14851236431
|p ric
|s JLF
|t 0
|
| 952 |
f |
f |
|a Texas A&M University
|b Rellis Campus
|c Joint Library Facility
|d Remote Storage
|e SF325 .T48
|h Library of Congress classification
|i unmediated -- volume
|k v.210:no.5-9
|l 1979:Aug.
|m A14851236449
|p ric
|s JLF
|t 0
|
| 952 |
f |
f |
|a Texas A&M University
|b Rellis Campus
|c Joint Library Facility
|d Remote Storage
|e SF325 .T48
|h Library of Congress classification
|i unmediated -- volume
|k v.215
|l 1982:May
|m A14851236795
|p ric
|s JLF
|t 0
|
| 952 |
f |
f |
|a Texas A&M University
|b Rellis Campus
|c Joint Library Facility
|d Remote Storage
|e SF325 .T48
|h Library of Congress classification
|i unmediated -- volume
|k v.203:no.10-13
|l 1976:Mar.
|m A14851236233
|p ric
|s JLF
|t 0
|
| 952 |
f |
f |
|a Texas A&M University
|b Rellis Campus
|c Joint Library Facility
|d Remote Storage
|e SF325 .T48
|h Library of Congress classification
|i unmediated -- volume
|k v.161
|l 1955:Jan.-June
|m A14851226432
|p ric
|s JLF
|t 0
|
| 952 |
f |
f |
|a Texas A&M University
|b Rellis Campus
|c Joint Library Facility
|d Remote Storage
|e SF325 .T48
|h Library of Congress classification
|i unmediated -- volume
|k v.219:no.44-46
|l 1985
|m A14851245028
|p ric
|s JLF
|t 0
|
| 952 |
f |
f |
|a Texas A&M University
|b Rellis Campus
|c Joint Library Facility
|d Remote Storage
|e SF325 .T48
|h Library of Congress classification
|i unmediated -- volume
|k v.223:no.7-8
|l 1989
|m A14812101801
|p ric
|s JLF
|t 0
|
| 952 |
f |
f |
|a Texas A&M University
|b Rellis Campus
|c Joint Library Facility
|d Remote Storage
|e SF325 .T48
|h Library of Congress classification
|i unmediated -- volume
|k v.220:no.35-36
|l 1986
|m A14851245143
|p ric
|s JLF
|t 0
|
| 952 |
f |
f |
|a Texas A&M University
|b Rellis Campus
|c Joint Library Facility
|d Remote Storage
|e SF325 .T48
|h Library of Congress classification
|i unmediated -- volume
|k v.211:no.1-5
|l 1980:Jan.
|m A14851236498
|p ric
|s JLF
|t 0
|
| 952 |
f |
f |
|a Texas A&M University
|b Rellis Campus
|c Joint Library Facility
|d Remote Storage
|e SF325 .T48
|h Library of Congress classification
|i unmediated -- volume
|k v.172
|l 1960:July-Dec.
|m A14851226556
|p ric
|s JLF
|t 0
|
| 952 |
f |
f |
|a Texas A&M University
|b Rellis Campus
|c Joint Library Facility
|d Remote Storage
|e SF325 .T48
|h Library of Congress classification
|i unmediated -- volume
|k v.162
|l 1955:July-Dec.
|m A14851226440
|p ric
|s JLF
|t 0
|
| 952 |
f |
f |
|a Texas A&M University
|b Rellis Campus
|c Joint Library Facility
|d Remote Storage
|e SF325 .T48
|h Library of Congress classification
|i unmediated -- volume
|k v.189
|l 1969:Jan.-Mar.
|m A14851226804
|p ric
|s JLF
|t 0
|
| 952 |
f |
f |
|a Texas A&M University
|b Rellis Campus
|c Joint Library Facility
|d Remote Storage
|e SF325 .T48
|h Library of Congress classification
|i unmediated -- volume
|k v.209:no.1-5
|l 1979:Jan.
|m A14851236373
|p ric
|s JLF
|t 0
|
| 952 |
f |
f |
|a Texas A&M University
|b Rellis Campus
|c Joint Library Facility
|d Remote Storage
|e SF325 .T48
|h Library of Congress classification
|i unmediated -- volume
|k v.185
|l 1967:Jan.-Mar.
|m A14851226721
|p ric
|s JLF
|t 0
|
| 952 |
f |
f |
|a Texas A&M University
|b Rellis Campus
|c Joint Library Facility
|d Remote Storage
|e SF325 .T48
|h Library of Congress classification
|i unmediated -- volume
|k v.220:no.31-32
|l 1986:Aug.-Sept.
|m A14851236399
|p ric
|s JLF
|t 0
|
| 952 |
f |
f |
|a Texas A&M University
|b Rellis Campus
|c Joint Library Facility
|d Remote Storage
|e SF325 .T48
|h Library of Congress classification
|i unmediated -- volume
|k v.177
|l 1963:Jan.-June
|m A14851226598
|p ric
|s JLF
|t 0
|
| 952 |
f |
f |
|a Texas A&M University
|b Rellis Campus
|c Joint Library Facility
|d Remote Storage
|e SF325 .T48
|h Library of Congress classification
|i unmediated -- volume
|k v.222:no.7-8
|l 1988
|m A14811630506
|p ric
|s JLF
|t 0
|
| 952 |
f |
f |
|a Texas A&M University
|b Rellis Campus
|c Joint Library Facility
|d Remote Storage
|e SF325 .T48
|h Library of Congress classification
|i unmediated -- volume
|k v.154
|l 1951:July-Dec.
|m A14851226507
|p ric
|s JLF
|t 0
|
| 952 |
f |
f |
|a Texas A&M University
|b Rellis Campus
|c Joint Library Facility
|d Remote Storage
|e SF325 .T48
|h Library of Congress classification
|i unmediated -- volume
|k v.157
|l 1953:Jan.-June
|m A14851226390
|p ric
|s JLF
|t 0
|
| 952 |
f |
f |
|a Texas A&M University
|b Rellis Campus
|c Joint Library Facility
|d Remote Storage
|e SF325 .T48
|h Library of Congress classification
|i unmediated -- volume
|k v.191
|l 1970:Jan.-Mar.
|m A14851235847
|p ric
|s JLF
|t 0
|
| 952 |
f |
f |
|a Texas A&M University
|b Rellis Campus
|c Joint Library Facility
|d Remote Storage
|e SF325 .T48
|h Library of Congress classification
|i unmediated -- volume
|k v.218
|l 1984:Mar.
|m A14851237009
|p ric
|s JLF
|t 0
|
| 952 |
f |
f |
|a Texas A&M University
|b Rellis Campus
|c Joint Library Facility
|d Remote Storage
|e SF325 .T48
|h Library of Congress classification
|i unmediated -- volume
|k v.202:Index
|l 1975:July-Dec.
|m A14851236217
|p ric
|s JLF
|t 0
|
| 952 |
f |
f |
|a Texas A&M University
|b Rellis Campus
|c Joint Library Facility
|d Remote Storage
|e SF325 .T48
|h Library of Congress classification
|i unmediated -- volume
|k v.219:no.6-9
|l 1985
|m A14851245051
|p ric
|s JLF
|t 0
|
| 952 |
f |
f |
|a Texas A&M University
|b Rellis Campus
|c Joint Library Facility
|d Remote Storage
|e SF325 .T48
|h Library of Congress classification
|i unmediated -- volume
|k v.190
|l 1969:Oct.-Dec.
|m A14851235839
|p ric
|s JLF
|t 0
|
| 952 |
f |
f |
|a Texas A&M University
|b Rellis Campus
|c Joint Library Facility
|d Remote Storage
|e SF325 .T48
|h Library of Congress classification
|i unmediated -- volume
|k v.210:no.19-22
|l 1979:Nov.
|m A14851236472
|p ric
|s JLF
|t 0
|
| 952 |
f |
f |
|a Texas A&M University
|b Rellis Campus
|c Joint Library Facility
|d Remote Storage
|e SF325 .T48
|h Library of Congress classification
|i unmediated -- volume
|k v.219:no.14-17
|l 1985
|m A14851244955
|p ric
|s JLF
|t 0
|
| 952 |
f |
f |
|a Texas A&M University
|b Rellis Campus
|c Joint Library Facility
|d Remote Storage
|e SF325 .T48
|h Library of Congress classification
|i unmediated -- volume
|k v.187
|l 1968:Jan.-Mar.
|m A14851226762
|p ric
|s JLF
|t 0
|
| 952 |
f |
f |
|a Texas A&M University
|b Rellis Campus
|c Joint Library Facility
|d Remote Storage
|e SF325 .T48
|h Library of Congress classification
|i unmediated -- volume
|k v.148:Dec.
|l 1948:Dec.
|m A14851226309
|p ric
|s JLF
|t 0
|
| 952 |
f |
f |
|a Texas A&M University
|b Rellis Campus
|c Joint Library Facility
|d Remote Storage
|e SF325 .T48
|h Library of Congress classification
|i unmediated -- volume
|k v.165
|l 1957:Jan.-June
|m A14851226473
|p ric
|s JLF
|t 0
|
| 952 |
f |
f |
|a Texas A&M University
|b Rellis Campus
|c Joint Library Facility
|d Remote Storage
|e SF325 .T48
|h Library of Congress classification
|i unmediated -- volume
|k v.178
|l 1963:July-Dec.
|m A14851226606
|p ric
|s JLF
|t 0
|
| 952 |
f |
f |
|a Texas A&M University
|b Rellis Campus
|c Joint Library Facility
|d Remote Storage
|e SF325 .T48
|h Library of Congress classification
|i unmediated -- volume
|k v.196
|l 1972:Nov.-Dec.
|m A14851236001
|p ric
|s JLF
|t 0
|
| 952 |
f |
f |
|a Texas A&M University
|b Rellis Campus
|c Joint Library Facility
|d Remote Storage
|e SF325 .T48
|h Library of Congress classification
|i unmediated -- volume
|k v.210:no.23-26
|l 1979:Dec.
|m A14851236480
|p ric
|s JLF
|t 0
|
| 952 |
f |
f |
|a Texas A&M University
|b Rellis Campus
|c Joint Library Facility
|d Remote Storage
|e SF325 .T48
|h Library of Congress classification
|i unmediated -- volume
|k v.215
|l 1982:Feb.
|m A14851236761
|p ric
|s JLF
|t 0
|
| 952 |
f |
f |
|a Texas A&M University
|b Rellis Campus
|c Joint Library Facility
|d Remote Storage
|e SF325 .T48
|h Library of Congress classification
|i unmediated -- volume
|k v.201
|l 1975:Jan.-Feb.
|m A14851236134
|p ric
|s JLF
|t 0
|
| 952 |
f |
f |
|a Texas A&M University
|b Rellis Campus
|c Joint Library Facility
|d Remote Storage
|e SF325 .T48
|h Library of Congress classification
|i unmediated -- volume
|k v.220:no.9-13
|l 1986
|m A14851245085
|p ric
|s JLF
|t 0
|
| 952 |
f |
f |
|a Texas A&M University
|b Rellis Campus
|c Joint Library Facility
|d Remote Storage
|e SF325 .T48
|h Library of Congress classification
|i unmediated -- volume
|k v.203:no.6-9
|l 1976:Feb.
|m A14851236225
|p ric
|s JLF
|t 0
|
| 952 |
f |
f |
|a Texas A&M University
|b Rellis Campus
|c Joint Library Facility
|d Remote Storage
|e SF325 .T48
|h Library of Congress classification
|i unmediated -- volume
|k v.204:no.23-26
|l 1976:Dec.
|m A14851236332
|p ric
|s JLF
|t 0
|
| 952 |
f |
f |
|a Texas A&M University
|b Rellis Campus
|c Joint Library Facility
|d Remote Storage
|e SF325 .T48
|h Library of Congress classification
|i unmediated -- volume
|k v.202:no.18-22
|l 1975:Nov.
|m A14851236183
|p ric
|s JLF
|t 0
|
| 952 |
f |
f |
|a Texas A&M University
|b Rellis Campus
|c Joint Library Facility
|d Remote Storage
|e SF325 .T48
|h Library of Congress classification
|i unmediated -- volume
|k v.168
|l 1958:July-Dec.
|m A14851226515
|p ric
|s JLF
|t 0
|
| 952 |
f |
f |
|a Texas A&M University
|b Rellis Campus
|c Joint Library Facility
|d Remote Storage
|e SF325 .T48
|h Library of Congress classification
|i unmediated -- volume
|k v.212:no.10-13
|l 1980:Sept.
|m A14851236571
|p ric
|s JLF
|t 0
|
| 952 |
f |
f |
|a Texas A&M University
|b Rellis Campus
|c Joint Library Facility
|d Remote Storage
|e SF325 .T48
|h Library of Congress classification
|i unmediated -- volume
|k v.214
|l 1981:Aug.
|m A14851236696
|p ric
|s JLF
|t 0
|
| 952 |
f |
f |
|a Texas A&M University
|b Rellis Campus
|c Joint Library Facility
|d Remote Storage
|e SF325 .T48
|h Library of Congress classification
|i unmediated -- volume
|k v.222:no.5-6
|l 1988
|m A14811641688
|p ric
|s JLF
|t 0
|
| 952 |
f |
f |
|a Texas A&M University
|b Rellis Campus
|c Joint Library Facility
|d Remote Storage
|e SF325 .T48
|h Library of Congress classification
|i unmediated -- volume
|k v.223:no.1-2
|l 1989
|m A14811854192
|p ric
|s JLF
|t 0
|
| 952 |
f |
f |
|a Texas A&M University
|b Rellis Campus
|c Joint Library Facility
|d Remote Storage
|e SF325 .T48
|h Library of Congress classification
|i unmediated -- volume
|k v.210:no.14-18
|l 1979:Oct.
|m A14851236464
|p ric
|s JLF
|t 0
|
| 952 |
f |
f |
|a Texas A&M University
|b Rellis Campus
|c Joint Library Facility
|d Remote Storage
|e SF325 .T48
|h Library of Congress classification
|i unmediated -- volume
|k v.198
|l 1973:Nov.17-Dec.
|m A14851236050
|p ric
|s JLF
|t 0
|
| 952 |
f |
f |
|a Texas A&M University
|b Rellis Campus
|c Joint Library Facility
|d Remote Storage
|e SF325 .T48
|h Library of Congress classification
|i unmediated -- volume
|k v.202:no.10-17
|l 1975:Sept.-Oct.
|m A14851236175
|p ric
|s JLF
|t 0
|
| 952 |
f |
f |
|a Texas A&M University
|b Rellis Campus
|c Joint Library Facility
|d Remote Storage
|e SF325 .T48
|h Library of Congress classification
|i unmediated -- volume
|k v.173
|l 1961
|m A14851226671
|p ric
|s JLF
|t 0
|
| 952 |
f |
f |
|a Texas A&M University
|b Rellis Campus
|c Joint Library Facility
|d Remote Storage
|e SF325 .T48
|h Library of Congress classification
|i unmediated -- volume
|k v.217:no.5-8
|l 1983:Feb.
|m A14851236381
|p ric
|s JLF
|t 0
|
| 952 |
f |
f |
|a Texas A&M University
|b Rellis Campus
|c Joint Library Facility
|d Remote Storage
|e SF325 .T48
|h Library of Congress classification
|i unmediated -- volume
|k v.198
|l 1973:Oct.-Nov.10
|m A14851236043
|p ric
|s JLF
|t 0
|
| 952 |
f |
f |
|a Texas A&M University
|b Rellis Campus
|c Joint Library Facility
|d Remote Storage
|e SF325 .T48
|h Library of Congress classification
|i unmediated -- volume
|k v.188
|l 1968:Oct.-Dec.
|m A14851226796
|p ric
|s JLF
|t 0
|
| 952 |
f |
f |
|a Texas A&M University
|b Rellis Campus
|c Joint Library Facility
|d Remote Storage
|e SF325 .T48
|h Library of Congress classification
|i unmediated -- volume
|k v.203:Index
|l 1976
|m A14851236266
|p ric
|s JLF
|t 0
|
| 952 |
f |
f |
|a Texas A&M University
|b Rellis Campus
|c Joint Library Facility
|d Remote Storage
|e SF325 .T48
|h Library of Congress classification
|i unmediated -- volume
|k v.218
|l 1984:Feb.
|m A14851236993
|p ric
|s JLF
|t 0
|
| 952 |
f |
f |
|a Texas A&M University
|b Rellis Campus
|c Joint Library Facility
|d Remote Storage
|e SF325 .T48
|h Library of Congress classification
|i unmediated -- volume
|k v.213:no.9-12
|l 1981:Mar
|m A14851236639
|p ric
|s JLF
|t 0
|
| 952 |
f |
f |
|a Texas A&M University
|b Rellis Campus
|c Joint Library Facility
|d Remote Storage
|e SF325 .T48
|h Library of Congress classification
|i unmediated -- volume
|k v.219:no.40-43
|l 1985
|m A14851245010
|p ric
|s JLF
|t 0
|
| 952 |
f |
f |
|a Texas A&M University
|b Rellis Campus
|c Joint Library Facility
|d Remote Storage
|e SF325 .T48
|h Library of Congress classification
|i unmediated -- volume
|k v.217
|l 1983:Mar.
|m A14851236886
|p ric
|s JLF
|t 0
|
| 952 |
f |
f |
|a Texas A&M University
|b Rellis Campus
|c Joint Library Facility
|d Remote Storage
|e SF325 .T48
|h Library of Congress classification
|i unmediated -- volume
|k v.224:no.3-4
|l 1990
|m A14812898597
|p ric
|s JLF
|t 0
|
| 952 |
f |
f |
|a Texas A&M University
|b Rellis Campus
|c Joint Library Facility
|d Remote Storage
|e SF325 .T48
|h Library of Congress classification
|i unmediated -- volume
|k v.210:no.10-13
|l 1979:Sept.
|m A14851236456
|p ric
|s JLF
|t 0
|
| 952 |
f |
f |
|a Texas A&M University
|b Rellis Campus
|c Joint Library Facility
|d Remote Storage
|e SF325 .T48
|h Library of Congress classification
|i unmediated -- volume
|k v.215
|l 1982:Apr.
|m A14851236787
|p ric
|s JLF
|t 0
|
| 952 |
f |
f |
|a Texas A&M University
|b Rellis Campus
|c Joint Library Facility
|d Remote Storage
|e SF325 .T48
|h Library of Congress classification
|i unmediated -- volume
|k v.217
|l 1983:May
|m A14851236894
|p ric
|s JLF
|t 0
|
| 952 |
f |
f |
|a Texas A&M University
|b Rellis Campus
|c Joint Library Facility
|d Remote Storage
|e SF325 .T48
|h Library of Congress classification
|i unmediated -- volume
|k v.218
|l 1984:Apr.
|m A14851244815
|p ric
|s JLF
|t 0
|
| 952 |
f |
f |
|a Texas A&M University
|b Rellis Campus
|c Joint Library Facility
|d Remote Storage
|e SF325 .T48
|h Library of Congress classification
|i unmediated -- volume
|k v.186
|l 1967:Oct.-Dec.
|m A14851226754
|p ric
|s JLF
|t 0
|
| 952 |
f |
f |
|a Texas A&M University
|b Rellis Campus
|c Joint Library Facility
|d Remote Storage
|e SF325 .T48
|h Library of Congress classification
|i unmediated -- volume
|k v.218
|l 1984:Aug.
|m A14851244856
|p ric
|s JLF
|t 0
|
| 952 |
f |
f |
|a Texas A&M University
|b Rellis Campus
|c Joint Library Facility
|d Remote Storage
|e SF325 .T48
|h Library of Congress classification
|i unmediated -- volume
|k v.204;no.1-5
|l 1976:July
|m A14851236274
|p ric
|s JLF
|t 0
|
| 952 |
f |
f |
|a Texas A&M University
|b Rellis Campus
|c Joint Library Facility
|d Remote Storage
|e SF325 .T48
|h Library of Congress classification
|i unmediated -- volume
|k v.199
|l 1974:Feb.23-Mar.
|m A14851236076
|p ric
|s JLF
|t 0
|
| 952 |
f |
f |
|a Texas A&M University
|b Rellis Campus
|c Joint Library Facility
|d Remote Storage
|e SF325 .T48
|h Library of Congress classification
|i unmediated -- volume
|k v.221:no.3-4
|l 1987
|m A14809059728
|p ric
|s JLF
|t 0
|
| 952 |
f |
f |
|a Texas A&M University
|b Rellis Campus
|c Joint Library Facility
|d Remote Storage
|e SF325 .T48
|h Library of Congress classification
|i unmediated -- volume
|k v.201
|l 1975:May-June
|m A14851236159
|p ric
|s JLF
|t 0
|
| 952 |
f |
f |
|a Texas A&M University
|b Rellis Campus
|c Joint Library Facility
|d Remote Storage
|e SF325 .T48
|h Library of Congress classification
|i unmediated -- volume
|k v.190
|l 1969:July-Sept.
|m A14851235821
|p ric
|s JLF
|t 0
|
| 952 |
f |
f |
|a Texas A&M University
|b Rellis Campus
|c Joint Library Facility
|d Remote Storage
|e SF325 .T48
|h Library of Congress classification
|i unmediated -- volume
|k v.202:no.23-26
|l 1975:Dec.
|m A14851236191
|p ric
|s JLF
|t 0
|
| 952 |
f |
f |
|a Texas A&M University
|b Rellis Campus
|c Joint Library Facility
|d Remote Storage
|e SF325 .T48
|h Library of Congress classification
|i unmediated -- volume
|k v.170
|l 1959:July-Dec.
|m A14851226531
|p ric
|s JLF
|t 0
|
| 952 |
f |
f |
|a Texas A&M University
|b Rellis Campus
|c Joint Library Facility
|d Remote Storage
|e SF325 .T48
|h Library of Congress classification
|i unmediated -- volume
|k v.186
|l 1967:July-Sept.
|m A14851226747
|p ric
|s JLF
|t 0
|
| 952 |
f |
f |
|a Texas A&M University
|b Rellis Campus
|c Joint Library Facility
|d Remote Storage
|e SF325 .T48
|h Library of Congress classification
|i unmediated -- volume
|k v.196
|l 1972:Sept.-Oct.
|m A14851235961
|p ric
|s JLF
|t 0
|
| 952 |
f |
f |
|a Texas A&M University
|b Rellis Campus
|c Joint Library Facility
|d Remote Storage
|e SF325 .T48
|h Library of Congress classification
|i unmediated -- volume
|k v.216
|l 1982:Oct.
|m A14851236845
|p ric
|s JLF
|t 0
|
| 952 |
f |
f |
|a Texas A&M University
|b Rellis Campus
|c Joint Library Facility
|d Remote Storage
|e SF325 .T48
|h Library of Congress classification
|i unmediated -- volume
|k v.171
|l 1960:Jan.-June
|m A14851226549
|p ric
|s JLF
|t 0
|
| 952 |
f |
f |
|a Texas A&M University
|b Rellis Campus
|c Joint Library Facility
|d Remote Storage
|e SF325 .T48
|h Library of Congress classification
|i unmediated -- volume
|k v.198:no.8-12
|l 1973:Aug. 25-Sept.22
|m A14834667433
|p ric
|s JLF
|t 0
|
| 952 |
f |
f |
|a Texas A&M University
|b Rellis Campus
|c Joint Library Facility
|d Remote Storage
|e SF325 .T48
|h Library of Congress classification
|i unmediated -- volume
|k v.223:no.11-12
|l 1989
|m A14812109401
|p ric
|s JLF
|t 0
|
| 952 |
f |
f |
|a Texas A&M University
|b Rellis Campus
|c Joint Library Facility
|d Remote Storage
|e SF325 .T48
|h Library of Congress classification
|i unmediated -- volume
|k v.155
|l 1952:Jan.-June
|m A14851226374
|p ric
|s JLF
|t 0
|
| 952 |
f |
f |
|a Texas A&M University
|b Rellis Campus
|c Joint Library Facility
|d Remote Storage
|e SF325 .T48
|h Library of Congress classification
|i unmediated -- volume
|k v.218
|l 1984:Jan.
|m A14851236985
|p ric
|s JLF
|t 0
|
| 952 |
f |
f |
|a Texas A&M University
|b Rellis Campus
|c Joint Library Facility
|d Remote Storage
|e SF325 .T48
|h Library of Congress classification
|i unmediated -- volume
|k v.212:no.19-22
|l 1980:Nov.
|m A14851236597
|p ric
|s JLF
|t 0
|
| 952 |
f |
f |
|a Texas A&M University
|b Rellis Campus
|c Joint Library Facility
|d Remote Storage
|e SF325 .T48
|h Library of Congress classification
|i unmediated -- volume
|k v.214
|l 1981:July
|m A14851236688
|p ric
|s JLF
|t 0
|
| 952 |
f |
f |
|a Texas A&M University
|b Rellis Campus
|c Joint Library Facility
|d Remote Storage
|e SF325 .T48
|h Library of Congress classification
|i unmediated -- volume
|k v.200
|l 1974:Aug.17-Sept.
|m A14851236100
|p ric
|s JLF
|t 0
|
| 952 |
f |
f |
|a Texas A&M University
|b Rellis Campus
|c Joint Library Facility
|d Remote Storage
|e SF325 .T48
|h Library of Congress classification
|i unmediated -- volume
|k v.197
|l 1973:May 26-June
|m A14851235979
|p ric
|s JLF
|t 0
|
| 952 |
f |
f |
|a Texas A&M University
|b Rellis Campus
|c Joint Library Facility
|d Remote Storage
|e SF325 .T48
|h Library of Congress classification
|i unmediated -- volume
|k v.202:no.1, 3-4
|l 1975:July 5, 19-26
|m A14834666932
|p ric
|s JLF
|t 0
|
| 952 |
f |
f |
|a Texas A&M University
|b Rellis Campus
|c Joint Library Facility
|d Remote Storage
|e SF325 .T48
|h Library of Congress classification
|i unmediated -- volume
|k v.204:no.6-9
|l 1976:Aug.
|m A14851236282
|p ric
|s JLF
|t 0
|
| 952 |
f |
f |
|a Texas A&M University
|b Rellis Campus
|c Joint Library Facility
|d Remote Storage
|e SF325 .T48
|h Library of Congress classification
|i unmediated -- volume
|k v.213:no.5-8
|l 1981:Feb.
|m A14851236621
|p ric
|s JLF
|t 0
|
| 952 |
f |
f |
|a Texas A&M University
|b Rellis Campus
|c Joint Library Facility
|d Remote Storage
|e SF325 .T48
|h Library of Congress classification
|i unmediated -- volume
|k v.200
|l 1974:Oct.-Nov.
|m A14851236118
|p ric
|s JLF
|t 0
|
| 952 |
f |
f |
|a Texas A&M University
|b Rellis Campus
|c Joint Library Facility
|d Remote Storage
|e SF325 .T48
|h Library of Congress classification
|i unmediated -- volume
|k v.202:no.5-9
|l 1975:Aug. 2-30
|m A14834666974
|p ric
|s JLF
|t 0
|
| 952 |
f |
f |
|a Texas A&M University
|b Rellis Campus
|c Joint Library Facility
|d Remote Storage
|e SF325 .T48
|h Library of Congress classification
|i unmediated -- volume
|k v.160
|l 1954:July-Dec.
|m A14851226424
|p ric
|s JLF
|t 0
|
| 952 |
f |
f |
|a Texas A&M University
|b Rellis Campus
|c Joint Library Facility
|d Remote Storage
|e SF325 .T48
|h Library of Congress classification
|i unmediated -- volume
|k v.205:Stat. Rev.
|l 1977:Feb.16
|m A14851236357
|p ric
|s JLF
|t 0
|
| 952 |
f |
f |
|a Texas A&M University
|b Rellis Campus
|c Joint Library Facility
|d Remote Storage
|e SF325 .T48
|h Library of Congress classification
|i unmediated -- volume
|k v.193
|l 1971:Jan.-Mar.
|m A14851235896
|p ric
|s JLF
|t 0
|
| 952 |
f |
f |
|a Texas A&M University
|b Rellis Campus
|c Joint Library Facility
|d Remote Storage
|e SF325 .T48
|h Library of Congress classification
|i unmediated -- volume
|k v.217
|l 1983:Dec.
|m A14851236977
|p ric
|s JLF
|t 0
|
| 952 |
f |
f |
|a Texas A&M University
|b Rellis Campus
|c Joint Library Facility
|d Remote Storage
|e SF325 .T48
|h Library of Congress classification
|i unmediated -- volume
|k v.222:no.11-12
|l 1988
|m A14811730102
|p ric
|s JLF
|t 0
|
| 952 |
f |
f |
|a Texas A&M University
|b Rellis Campus
|c Joint Library Facility
|d Remote Storage
|e SF325 .T48
|h Library of Congress classification
|i unmediated -- volume
|k v.220:no.23-26
|l 1986
|m A14851245119
|p ric
|s JLF
|t 0
|
| 952 |
f |
f |
|a Texas A&M University
|b Rellis Campus
|c Joint Library Facility
|d Remote Storage
|e SF325 .T48
|h Library of Congress classification
|i unmediated -- volume
|k v.217
|l 1983:Nov.
|m A14851236969
|p ric
|s JLF
|t 0
|
| 952 |
f |
f |
|a Texas A&M University
|b Rellis Campus
|c Joint Library Facility
|d Remote Storage
|e SF325 .T48
|h Library of Congress classification
|i unmediated -- volume
|k v.189
|l 1969:Apr.-June
|m A14851235813
|p ric
|s JLF
|t 0
|
| 952 |
f |
f |
|a Texas A&M University
|b Rellis Campus
|c Joint Library Facility
|d Remote Storage
|e SF325 .T48
|h Library of Congress classification
|i unmediated -- volume
|k v.221:no.11
|l 1987
|m A14811430922
|p ric
|s JLF
|t 0
|
| 952 |
f |
f |
|a Texas A&M University
|b Rellis Campus
|c Joint Library Facility
|d Remote Storage
|e SF325 .T48
|h Library of Congress classification
|i unmediated -- volume
|k v.203:no.1-5
|l 1976:Jan.
|m A14851236209
|p ric
|s JLF
|t 0
|
| 952 |
f |
f |
|a Texas A&M University
|b Rellis Campus
|c Joint Library Facility
|d Remote Storage
|e SF325 .T48
|h Library of Congress classification
|i unmediated -- volume
|k v.214
|l 1981:Sept.
|m A14851236704
|p ric
|s JLF
|t 0
|
| 952 |
f |
f |
|a Texas A&M University
|b Rellis Campus
|c Joint Library Facility
|d Remote Storage
|e SF325 .T48
|h Library of Congress classification
|i unmediated -- volume
|k v.206:no.23-26
|l 1977:Dec.
|m A14851236365
|p ric
|s JLF
|t 0
|
| 952 |
f |
f |
|a Texas A&M University
|b Rellis Campus
|c Joint Library Facility
|d Remote Storage
|e SF325 .T48
|h Library of Congress classification
|i unmediated -- volume
|k v.203
|l 1976:May-June
|m A14851236258
|p ric
|s JLF
|t 0
|
| 952 |
f |
f |
|a Texas A&M University
|b Rellis Campus
|c Joint Library Facility
|d Remote Storage
|e SF325 .T48
|h Library of Congress classification
|i unmediated -- volume
|k v.194
|l 1971:Nov.-Dec.
|m A14851235938
|p ric
|s JLF
|t 0
|
| 952 |
f |
f |
|a Texas A&M University
|b Rellis Campus
|c Joint Library Facility
|d Remote Storage
|e SF325 .T48
|h Library of Congress classification
|i unmediated -- volume
|k v.195
|l 1972:Jan.
|m A14851235946
|p ric
|s JLF
|t 0
|
| 952 |
f |
f |
|a Texas A&M University
|b Rellis Campus
|c Joint Library Facility
|d Remote Storage
|e SF325 .T48
|h Library of Congress classification
|i unmediated -- volume
|k v.217
|l 1983:Jan.
|m A14851236878
|p ric
|s JLF
|t 0
|
| 952 |
f |
f |
|a Texas A&M University
|b Rellis Campus
|c Joint Library Facility
|d Remote Storage
|e SF325 .T48
|h Library of Congress classification
|i unmediated -- volume
|k v.175
|l 1962:Jan.-June
|m A14851226572
|p ric
|s JLF
|t 0
|
| 952 |
f |
f |
|a Texas A&M University
|b Rellis Campus
|c Joint Library Facility
|d Remote Storage
|e SF325 .T48
|h Library of Congress classification
|i unmediated -- volume
|k v.221:no.12-14
|l 1987
|m A14811414641
|p ric
|s JLF
|t 0
|
| 952 |
f |
f |
|a Texas A&M University
|b Rellis Campus
|c Joint Library Facility
|d Remote Storage
|e SF325 .T48
|h Library of Congress classification
|i unmediated -- volume
|k v.218
|l 1984:Dec.
|m A14851244914
|p ric
|s JLF
|t 0
|
| 952 |
f |
f |
|a Texas A&M University
|b Rellis Campus
|c Joint Library Facility
|d Remote Storage
|e SF325 .T48
|h Library of Congress classification
|i unmediated -- volume
|k v.216:no.5-7
|l 1982:Aug. 4-18
|m A14834662441
|p ric
|s JLF
|t 0
|
| 952 |
f |
f |
|a Texas A&M University
|b Rellis Campus
|c Joint Library Facility
|d Remote Storage
|e SF325 .T48
|h Library of Congress classification
|i unmediated -- volume
|k v.217
|l 1983:June
|m A14851236910
|p ric
|s JLF
|t 0
|
| 952 |
f |
f |
|a Texas A&M University
|b Rellis Campus
|c Joint Library Facility
|d Remote Storage
|e SF325 .T48
|h Library of Congress classification
|i unmediated -- volume
|k v.217
|l 1983:Oct.
|m A14851236951
|p ric
|s JLF
|t 0
|
| 952 |
f |
f |
|a Texas A&M University
|b Rellis Campus
|c Joint Library Facility
|d Remote Storage
|e SF325 .T48
|h Library of Congress classification
|i unmediated -- volume
|k v.182
|l 1965:Oct.-Dec.
|m A14851226648
|p ric
|s JLF
|t 0
|
| 952 |
f |
f |
|a Texas A&M University
|b Rellis Campus
|c Joint Library Facility
|d Remote Storage
|e SF325 .T48
|h Library of Congress classification
|i unmediated -- volume
|k v.219:no.31-35
|l 1985
|m A14851244997
|p ric
|s JLF
|t 0
|
| 952 |
f |
f |
|a Texas A&M University
|b Rellis Campus
|c Joint Library Facility
|d Remote Storage
|e SF325 .T48
|h Library of Congress classification
|i unmediated -- volume
|k v.184
|l 1966:Sept.-Oct.
|m A14851226705
|p ric
|s JLF
|t 0
|
| 952 |
f |
f |
|a Texas A&M University
|b Rellis Campus
|c Joint Library Facility
|d Remote Storage
|e SF325 .T48
|h Library of Congress classification
|i unmediated -- volume
|k v.183
|l 1966:Jan.-Mar.
|m A14851226663
|p ric
|s JLF
|t 0
|
| 952 |
f |
f |
|a Texas A&M University
|b Rellis Campus
|c Joint Library Facility
|d Remote Storage
|e SF325 .T48
|h Library of Congress classification
|i unmediated -- volume
|k v.185
|l 1967:Apr.-June
|m A14851226739
|p ric
|s JLF
|t 0
|
| 952 |
f |
f |
|a Texas A&M University
|b Rellis Campus
|c Joint Library Facility
|d Remote Storage
|e SF325 .T48
|h Library of Congress classification
|i unmediated -- volume
|k v.184
|l 1966:July-Aug.
|m A14851226697
|p ric
|s JLF
|t 0
|
| 952 |
f |
f |
|a Texas A&M University
|b Rellis Campus
|c Joint Library Facility
|d Remote Storage
|e SF325 .T48
|h Library of Congress classification
|i unmediated -- volume
|k v.184
|l 1966:Nov.-Dec.
|m A14851226713
|p ric
|s JLF
|t 0
|
| 952 |
f |
f |
|a Texas A&M University
|b Rellis Campus
|c Joint Library Facility
|d Remote Storage
|e SF325 .T48
|h Library of Congress classification
|i unmediated -- volume
|k v.221:no.5-6
|l 1987
|m A14809059786
|p ric
|s JLF
|t 0
|
| 952 |
f |
f |
|a Texas A&M University
|b Rellis Campus
|c Joint Library Facility
|d Remote Storage
|e SF325 .T48
|h Library of Congress classification
|i unmediated -- volume
|k v.223:no.5-6
|l 1989
|m A14812101657
|p ric
|s JLF
|t 0
|
| 952 |
f |
f |
|a Texas A&M University
|b Rellis Campus
|c Joint Library Facility
|d Remote Storage
|e SF325 .T48
|h Library of Congress classification
|i unmediated -- volume
|k v.199
|l 1974:Jan.-Feb.16
|m A14851236068
|p ric
|s JLF
|t 0
|
| 952 |
f |
f |
|a Texas A&M University
|b Rellis Campus
|c Joint Library Facility
|d Remote Storage
|e SF325 .T48
|h Library of Congress classification
|i unmediated -- volume
|k v.224:no.1-2
|l 1990
|m A14812109508
|p ric
|s JLF
|t 0
|
| 952 |
f |
f |
|a Texas A&M University
|b Rellis Campus
|c Joint Library Facility
|d Remote Storage
|e SF325 .T48
|h Library of Congress classification
|i unmediated -- volume
|k v.200
|l 1974:Nov.16-Dec.
|m A14851236126
|p ric
|s JLF
|t 0
|
| 952 |
f |
f |
|a Texas A&M University
|b Rellis Campus
|c Joint Library Facility
|d Remote Storage
|e SF325 .T48
|h Library of Congress classification
|i unmediated -- volume
|k v.194
|l 1971:July-Aug.
|m A14851235912
|p ric
|s JLF
|t 0
|
| 952 |
f |
f |
|a Texas A&M University
|b Rellis Campus
|c Joint Library Facility
|d Remote Storage
|e SF325 .T48
|h Library of Congress classification
|i unmediated -- volume
|k v.214
|l 1981:Oct.
|m A14851236712
|p ric
|s JLF
|t 0
|
| 952 |
f |
f |
|a Texas A&M University
|b Rellis Campus
|c Joint Library Facility
|d Remote Storage
|e SF325 .T48
|h Library of Congress classification
|i unmediated -- volume
|k v.219:no.23-26
|l 1985
|m A14851244971
|p ric
|s JLF
|t 0
|
| 952 |
f |
f |
|a Texas A&M University
|b Rellis Campus
|c Joint Library Facility
|d Remote Storage
|e SF325 .T48
|h Library of Congress classification
|i unmediated -- volume
|k v.212:no.23-[27]
|l 1980:Dec.
|m A14851236605
|p ric
|s JLF
|t 0
|
| 952 |
f |
f |
|a Texas A&M University
|b Rellis Campus
|c Joint Library Facility
|d Remote Storage
|e SF325 .T48
|h Library of Congress classification
|i unmediated -- volume
|k v.216
|l 1982:Dec.
|m A14851236860
|p ric
|s JLF
|t 0
|
| 952 |
f |
f |
|a Texas A&M University
|b Rellis Campus
|c Joint Library Facility
|d Remote Storage
|e SF325 .T48
|h Library of Congress classification
|i unmediated -- volume
|k v.220:no.33-34
|l 1986
|m A14851245135
|p ric
|s JLF
|t 0
|
| 952 |
f |
f |
|a Texas A&M University
|b Rellis Campus
|c Joint Library Facility
|d Remote Storage
|e SF325 .T48
|h Library of Congress classification
|i unmediated -- volume
|k v.180
|l 1964:July-Dec.
|m A14851226622
|p ric
|s JLF
|t 0
|
| 952 |
f |
f |
|a Texas A&M University
|b Rellis Campus
|c Joint Library Facility
|d Remote Storage
|e SF325 .T48
|h Library of Congress classification
|i unmediated -- volume
|k v.191
|l 1970:Apr.-June
|m A14851235854
|p ric
|s JLF
|t 0
|
| 952 |
f |
f |
|a Texas A&M University
|b Rellis Campus
|c Joint Library Facility
|d Remote Storage
|e SF325 .T48
|h Library of Congress classification
|i unmediated -- volume
|k v.159
|l 1954:Jan.-June
|m A14851226416
|p ric
|s JLF
|t 0
|
| 952 |
f |
f |
|a Texas A&M University
|b Rellis Campus
|c Joint Library Facility
|d Remote Storage
|e SF325 .T48
|h Library of Congress classification
|i unmediated -- volume
|k v.204:no.10-13
|l 1976:Sept.
|m A14851236308
|p ric
|s JLF
|t 0
|
| 952 |
f |
f |
|a Texas A&M University
|b Rellis Campus
|c Joint Library Facility
|d Remote Storage
|e SF325 .T48
|h Library of Congress classification
|i unmediated -- volume
|k v.151
|l 1950:Apr.1-22, May-June
|m A14851226341
|p ric
|s JLF
|t 0
|
| 952 |
f |
f |
|a Texas A&M University
|b Rellis Campus
|c Joint Library Facility
|d Remote Storage
|e SF325 .T48
|h Library of Congress classification
|i unmediated -- volume
|k v.182
|l 1965:July-Dec.
|m A14851226630
|p ric
|s JLF
|t 0
|
| 952 |
f |
f |
|a Texas A&M University
|b Rellis Campus
|c Joint Library Facility
|d Remote Storage
|e SF325 .T48
|h Library of Congress classification
|i unmediated -- volume
|k v.215
|l 1982:June
|m A14851236803
|p ric
|s JLF
|t 0
|
| 952 |
f |
f |
|a Texas A&M University
|b Rellis Campus
|c Joint Library Facility
|d Remote Storage
|e SF325 .T48
|h Library of Congress classification
|i unmediated -- volume
|k v.218
|l 1984:Oct. 3-17
|m A14851244872
|p ric
|s JLF
|t 0
|
| 952 |
f |
f |
|a Texas A&M University
|b Rellis Campus
|c Joint Library Facility
|d Remote Storage
|e SF325 .T48
|h Library of Congress classification
|i unmediated -- volume
|k v.211:no.[23]-26
|l 1980:June
|m A14851236522
|p ric
|s JLF
|t 0
|
| 952 |
f |
f |
|a Texas A&M University
|b Rellis Campus
|c Joint Library Facility
|d Remote Storage
|e SF325 .T48
|h Library of Congress classification
|i unmediated -- volume
|k v.179
|l 1964:Jan.-June
|m A14851226614
|p ric
|s JLF
|t 0
|
| 952 |
f |
f |
|a Texas A&M University
|b Rellis Campus
|c Joint Library Facility
|d Remote Storage
|e SF325 .T48
|h Library of Congress classification
|i unmediated -- volume
|k v.181
|l 1965
|m A14851226655
|p ric
|s JLF
|t 0
|
| 952 |
f |
f |
|a Texas A&M University
|b Rellis Campus
|c Joint Library Facility
|d Remote Storage
|e SF325 .T48
|h Library of Congress classification
|i unmediated -- volume
|k v.224:no.5
|l 1990:May
|m A14819393857
|p ric
|s JLF
|t 0
|
| 952 |
f |
f |
|a Texas A&M University
|b Rellis Campus
|c Joint Library Facility
|d Remote Storage
|e SF325 .T48
|h Library of Congress classification
|i unmediated -- volume
|k v.176
|l 1962:July-Dec.
|m A14851226580
|p ric
|s JLF
|t 0
|
| 952 |
f |
f |
|a Texas A&M University
|b Rellis Campus
|c Joint Library Facility
|d Remote Storage
|e SF325 .T48
|h Library of Congress classification
|i unmediated -- volume
|k v.219:no.47-48
|l 1985
|m A14851245036
|p ric
|s JLF
|t 0
|
| 952 |
f |
f |
|a Texas A&M University
|b Rellis Campus
|c Joint Library Facility
|d Remote Storage
|e SF325 .T48
|h Library of Congress classification
|i unmediated -- volume
|k v.213:no.1-4
|l 1981:Jan.
|m A14851236613
|p ric
|s JLF
|t 0
|
| 952 |
f |
f |
|a Texas A&M University
|b Rellis Campus
|c Joint Library Facility
|d Remote Storage
|e SF325 .T48
|h Library of Congress classification
|i unmediated -- volume
|k v.218
|l 1984:Oct.24-31
|m A14851244880
|p ric
|s JLF
|t 0
|
| 952 |
f |
f |
|a Texas A&M University
|b Rellis Campus
|c Joint Library Facility
|d Remote Storage
|e SF325 .T48
|h Library of Congress classification
|i unmediated -- volume
|k v.209:no.10-16
|l 1979:Mar.-Apr.
|m A14851236415
|p ric
|s JLF
|t 0
|
| 952 |
f |
f |
|a Texas A&M University
|b Rellis Campus
|c Joint Library Facility
|d Remote Storage
|e SF325 .T48
|h Library of Congress classification
|i unmediated -- volume
|k v.220:no.27-30
|l 1986
|m A14851245127
|p ric
|s JLF
|t 0
|
| 952 |
f |
f |
|a Texas A&M University
|b Rellis Campus
|c Joint Library Facility
|d Remote Storage
|e SF325 .T48
|h Library of Congress classification
|i unmediated -- volume
|k v.209:no.17-19
|l 1979:May
|m A14851236530
|p ric
|s JLF
|t 0
|
| 952 |
f |
f |
|a Texas A&M University
|b Rellis Campus
|c Joint Library Facility
|d Remote Storage
|e SF325 .T48
|h Library of Congress classification
|i unmediated -- volume
|k v.164
|l 1956:July-Dec.
|m A14851226465
|p ric
|s JLF
|t 0
|
| 952 |
f |
f |
|a Texas A&M University
|b Rellis Campus
|c Joint Library Facility
|d Remote Storage
|e SF325 .T48
|h Library of Congress classification
|i unmediated -- volume
|k v.193
|l 1971:May 15-June
|m A14851235904
|p ric
|s JLF
|t 0
|
| 952 |
f |
f |
|a Texas A&M University
|b Rellis Campus
|c Joint Library Facility
|d Remote Storage
|e SF325 .T48
|h Library of Congress classification
|i unmediated -- volume
|k v.222:no.13-14
|l 1988
|m A14811808191
|p ric
|s JLF
|t 0
|
| 952 |
f |
f |
|a Texas A&M University
|b Rellis Campus
|c Joint Library Facility
|d Remote Storage
|e SF325 .T48
|h Library of Congress classification
|i unmediated -- volume
|k v.193:no.14-15,17-19
|l 1971:Apr.3-10, Apr.24-May 8
|m A14834667394
|p ric
|s JLF
|t 0
|
| 952 |
f |
f |
|a Texas A&M University
|b Rellis Campus
|c Joint Library Facility
|d Remote Storage
|e SF325 .T48
|h Library of Congress classification
|i unmediated -- volume
|k v.220:no.5-8
|l 1986
|m A14851245077
|p ric
|s JLF
|t 0
|
| 952 |
f |
f |
|a Texas A&M University
|b Rellis Campus
|c Joint Library Facility
|d Remote Storage
|e SF325 .T48
|h Library of Congress classification
|i unmediated -- volume
|k v.214
|l 1981:Dec.
|m A14851236738
|p ric
|s JLF
|t 0
|
| 952 |
f |
f |
|a Texas A&M University
|b Rellis Campus
|c Joint Library Facility
|d Remote Storage
|e SF325 .T48
|h Library of Congress classification
|i unmediated -- volume
|k v.216
|l 1982:Nov.
|m A14851236852
|p ric
|s JLF
|t 0
|
| 952 |
f |
f |
|a Texas A&M University
|b Rellis Campus
|c Joint Library Facility
|d Remote Storage
|e SF325 .T48
|h Library of Congress classification
|i unmediated -- volume
|k v.212:no.14-18
|l 1980:Oct.
|m A14851236589
|p ric
|s JLF
|t 0
|
| 952 |
f |
f |
|a Texas A&M University
|b Rellis Campus
|c Joint Library Facility
|d Remote Storage
|e SF325 .T48
|h Library of Congress classification
|i unmediated -- volume
|k v.194
|l 1971:Sept.-Oct.
|m A14851235920
|p ric
|s JLF
|t 0
|
| 952 |
f |
f |
|a Texas A&M University
|b Rellis Campus
|c Joint Library Facility
|d Remote Storage
|e SF325 .T48
|h Library of Congress classification
|i unmediated -- volume
|k v.219:no.10-13
|l 1985
|m A14851244948
|p ric
|s JLF
|t 0
|
| 952 |
f |
f |
|a Texas A&M University
|b Rellis Campus
|c Joint Library Facility
|d Remote Storage
|e SF325 .T48
|h Library of Congress classification
|i unmediated -- volume
|k v.199
|l 1974:Apr.-May 11
|m A14851235987
|p ric
|s JLF
|t 0
|
| 952 |
f |
f |
|a Texas A&M University
|b Rellis Campus
|c Joint Library Facility
|d Remote Storage
|e SF325 .T48
|h Library of Congress classification
|i unmediated -- volume
|k v.166
|l 1957:July-Dec.
|m A14851226481
|p ric
|s JLF
|t 0
|
| 952 |
f |
f |
|a Texas A&M University
|b Rellis Campus
|c Joint Library Facility
|d Remote Storage
|e SF325 .T48
|h Library of Congress classification
|i unmediated -- volume
|k v.218
|l 1984:Nov.
|m A14851244898
|p ric
|s JLF
|t 0
|
| 952 |
f |
f |
|a Texas A&M University
|b Rellis Campus
|c Joint Library Facility
|d Remote Storage
|e SF325 .T48
|h Library of Congress classification
|i unmediated -- volume
|k v.216
|l 1982:Sept.
|m A14851236837
|p ric
|s JLF
|t 0
|
| 952 |
f |
f |
|a Texas A&M University
|b Rellis Campus
|c Joint Library Facility
|d Remote Storage
|e SF325 .T48
|h Library of Congress classification
|i unmediated -- volume
|k v.192
|l 1970:Oct.-Nov.7
|m A14851235870
|p ric
|s JLF
|t 0
|
| 952 |
f |
f |
|a Texas A&M University
|b Rellis Campus
|c Joint Library Facility
|d Remote Storage
|e SF325 .T48
|h Library of Congress classification
|i unmediated -- volume
|k v.169
|l 1959:Jan.-June
|m A14851226523
|p ric
|s JLF
|t 0
|
| 952 |
f |
f |
|a Texas A&M University
|b Rellis Campus
|c Joint Library Facility
|d Remote Storage
|e SF325 .T48
|h Library of Congress classification
|i unmediated -- volume
|k v.174
|l 1961:July-Dec.
|m A14851226564
|p ric
|s JLF
|t 0
|
| 952 |
f |
f |
|a Texas A&M University
|b Rellis Campus
|c Joint Library Facility
|d Remote Storage
|e SF325 .T48
|h Library of Congress classification
|i unmediated -- volume
|k v.220:no.18-22
|l 1986
|m A14851245101
|p ric
|s JLF
|t 0
|
| 952 |
f |
f |
|a Texas A&M University
|b Rellis Campus
|c Joint Library Facility
|d Remote Storage
|e SF325 .T48
|h Library of Congress classification
|i unmediated -- volume
|k v.192
|l 1970:July-Sept.
|m A14851235862
|p ric
|s JLF
|t 0
|
| 952 |
f |
f |
|a Texas A&M University
|b Rellis Campus
|c Joint Library Facility
|d Remote Storage
|e SF325 .T48
|h Library of Congress classification
|i unmediated -- volume
|k v.220:no.1-4
|l 1986
|m A14851245069
|p ric
|s JLF
|t 0
|
| 952 |
f |
f |
|a Texas A&M University
|b Rellis Campus
|c Joint Library Facility
|d Remote Storage
|e SF325 .T48
|h Library of Congress classification
|i unmediated -- volume
|k v.222:no.3-4
|l 1988
|m A14811547761
|p ric
|s JLF
|t 0
|
| 952 |
f |
f |
|a Texas A&M University
|b Rellis Campus
|c Joint Library Facility
|d Remote Storage
|e SF325 .T48
|h Library of Congress classification
|i unmediated -- volume
|k v.187
|l 1968:Apr.-June
|m A14851226770
|p ric
|s JLF
|t 0
|
| 998 |
f |
f |
|a SF325 .T48
|s v.224:no.1-5 (1990:Jan.-May)
|t 0
|l Remote Storage
|